Famous People Named 'Wilson' Quiz Stats

 Plays Quiz Updated Jun 4, 2014

Also try: Famous Faces
Challenge
Share
Tweet
Embed
Score 0/22 Timer 06:00
0 Plays Today
Hint Name % Correct
28th president of the United States, 13th president of Princeton UniversityWoodrow Wilson
90.8%
Chief songwriter for The Beach Boys, released Smile in 2004Brian Wilson
84.5%
Co-writer of The Royal Tenenbaums and Bottle Rocket, star of Wedding CrashersOwen Wilson
71.3%
Actress, appeared in Volunteers opposite future husband Tom HanksRita Wilson
56.1%
Seattle Seahawks quarterback in their Super Bowl XLVIII victoryRussell Wilson
51.4%
Time Magazine named him 'TV's first black superstar', comedianFlip Wilson
51.1%
Old School star, currently lurking on your TV as a map-disputing shill for AT&TLuke Wilson
48.4%
Star of The Office (U.S.) and Six Feet UnderRainn Wilson
43.7%
His slow roller went through Bill Buckner's legs to win Game 6 of the 1986 World Series for the MetsMookie Wilson
38.5%
Longtime Texas congressman who worked to fund mujahideen in AfghanistanCharlie Wilson
37.8%
Daughter of the previous answer, member of Wilson Phillips and host of The Newlywed Game on GSNCarnie Wilson
36.9%
Hint Name % Correct
Classic R&B performer of 'In the Midnight Hour'Wilson Pickett
34.8%
Single-season record holder for RBI in MLBHack Wilson
30%
Stole 668 bases in career with Royals, Cubs, and A'sWillie Wilson
24.5%
'Mr. Excitement' hit #1 on R&B charts with '(Your Love Keeps Lifting Me) Higher and Higher'Jackie Wilson
21.1%
Scottish native and signatory of Declaration of Independence; House, M.D. characterJames Wilson
20.5%
Governor of California (1991-99)Pete Wilson
15.9%
Hurled no-hitter for Chicago White Sox in 1991, won 102 career games, mostly with White Sox and Devil RaysWilson Alvarez
15.5%
Outed as a CIA operative by Robert Novak, with alleged help from Scooter Libby, wife of former ambassador Joseph WilsonValerie Plame Wilson
14.3%
Head coach of 2010 US Olympic hockey team and Toronto Maple LeafsRon Wilson
13.2%
Pulitzer Prize-winning author of Fences and Broadway theater namesakeAugust Wilson
10%
Strong safety for Arizona Cardinals, 3 time Pro-BowlerAdrian Wilson
9.6%

You're not logged in!

Compare scores with friends on all Sporcle quizzes.
Join for Free
OR
Log In

You Might Also Like...

Show Comments

Extras

Top Quizzes Today


Score Distribution

Your Account Isn't Verified!

In order to create a playlist on Sporcle, you need to verify the email address you used during registration. Go to your Sporcle Settings to finish the process.

Report this User

Report this user for behavior that violates our Community Guidelines.

Details: